00370 a2200121 4500003000400000005001700004008004100021040000900062082001500071245007600086260007200162300001400234OSt20220106150322.0220106b ||||| |||| 00| 0 eng d coclc a363bLNJ/F aA forensic guide for crime investigatorscStandard operating procedures aDelhi:bLNJN National Institute of Criminology and Forensic Science a721 pages